民主主義(vs絶対主義など) - Statistics

General Stats
  • This quiz has been taken 7 times
  • The average score is 18 of 39
Answer Stats
Hint Answer % Correct
暴君・増税 ジョン王
100%
↑日本語で 大憲章
100%
国王と議会の内戦 ピューリタン革命
100%
↑功労者・独裁者 クロムウェル
100%
貴族が王に突きつける マグナ=カルタ
75%
議会は~と 貴族院
75%
~に分裂 庶民院
75%
議会は~と メアリ
75%
↑何党? ホイッグ党
75%
新国王 ジェームズ1世
75%
次の国王 チャールズ1世
75%
重要項目1 不当な逮捕の禁止
50%
↑~を開く 模範議会
50%
↑~を利用し専制政治を行う 王権神授説
50%
↑を法制化 権利の章典
50%
次の国王 アン
50%
↑行政の実質的な指導者 ウォルポール
50%
↑世界初の~ 首相
50%
~の誕生 議院内閣制
50%
次の国王 ジョージ1世
50%
次の国王・暴君 チャールズ2世
50%
次の国王・もっとひどい ジェームズ2世
50%
また悪政を行う ヘンリー3世
50%
2 王の徴税権の制限
25%
立ち上がった貴族の盟主 シモン=ド=モンフォール
25%
議会の穏健派の復活~が行われる 王政復古
25%
~を新国王に招く ウィリアム
25%
↑~と呼ばれる 名誉革命
25%
議会の宣言 権利の宣言
25%
↑元々の名前(家も) ハノーヴァー侯ゲオルク
25%
選挙権を持つ、地主や起業家 ジェントリ
25%
あとを継いだ名君 エドワード1世
25%
誰の時代 エリザベス1世
25%
↑の議会は~と呼ばれる イギリス議会の起源
0%
15~17世紀イギリスにおける~の時代 絶対主義
0%
マグナ=カルタ≒ 権利請願
0%
↑起草者 エドワード=コーク
0%
↑の言葉 王は誰の臣下でもない、神と法を除けば
0%
~という原則が確定 内閣は王ではなく議会に対して責任を負う
0%
No matching quizzes found
Score Distribution
Percent of People with Each Score
Percentile by Number Answered
Your Score History
You have not taken this quiz